01281cam a2200229 4500001000500000005001700005008003900022010001600061020004300077020004300120082001200163100001600175245009800191260005200289300002600341504006400367505050100431650002100932650003600953651004700989999001501036760720181127183949.0950621s1996 ilu b s001 0 eng a 95032455 a0252022009 (cloth : acidb-sfree paper) a0252065328 (pbk. : acidb-sfree paper)00a9402201 aKroes, Rob.10aIf you've seen one, you've seen the mall :bEuropeans and American mass culture /cRob Kroes. aUrbana :bUniversity of Illinois Press,cc1996. axiv, 195 p. ;c24 cm. aIncludes bibliographical references (p. 179-189) and index.0 aAmerican culture in European metaphors : the West as will and conception -- High and low : the quest for cultural standards in America -- Film as a mechanical art : Hollywood in Holland -- Advertising : the world of disjointed attributes -- The fifth freedom and the commodification of civic virtue -- Mediated history : the Vietnam War as a media event -- Breathless : the French nouvelle vague and Hollywood -- Rap : the ultimate staccato culture -- Americanization : what are we talking about. 0aAmericanization. 0aPopular culturezUnited States. 0aEuropexCivilizationxAmerican influences. c6515d6515